[Event "Sinquefield Cup 5th"]
[Site "Saint Louis"]
[Date "2017.08.06"]
[Round "5"]
[White "Karjakin, Sergey"]
[Black "Nepomniachtchi, Ian"]
[Result "1/2-1/2"]
[WhiteElo "2773"]
[BlackElo "2742"]
[Annotator "Marin,M"]
[PlyCount "120"]
[EventDate "2017.08.02"]
[EventType "tourn"]
[EventRounds "9"]
[EventCountry "USA"]
[EventCategory "22"]
[SourceTitle "CBM 180"]
[Source "ChessBase"]
[SourceDate "2017.09.13"]
[SourceVersion "1"]
[SourceVersionDate "2017.09.13"]
[SourceQuality "1"]

1. e4 d6 2. d4 Nf6 3. Nc3 g6 4. f4 Bg7 5. Bd3 ({Karjakin's personal way of
avoiding} 5. Nf3 c5 {As a curiosity, he frequently gets good positions out of
the opening but his overall results are poor. And I also remember him winning
only when his position was at least precarious on the way. I wonder why
Carlsen did not consider using the Pirc at least once in the match.}) 5... O-O
({This allows White to fully transpose to a normal line without ...c7-c5. The
critical move order is} 5... Nc6 {examined in the comments to the game
mentioned below.}) 6. Nf3 Nc6 7. Be2 $5 {A very rare move, implying the loss
of a tempo. But since Black's only constructive plan after ...Nc6 is ...e7-e5,
White can afford to take measures against it.} (7. e5 {Karjakin,S (2785)-Van
Wely,L (2695) Wijk aan Zee 2017 CBM 177 [Marin,M] (1-0, 50)}) 7... Bg4 {
The most natural move.} ({The idea behind White's last move is meeting} 7... e5
$6 {with} 8. dxe5 dxe5 9. Qxd8 Rxd8 10. fxe5 Ng4 11. Nb5 {more or less winning
the pawn since} Rd7 $6 {allows} 12. e6 fxe6 13. Ng5 $16) (7... d5 8. e5 Ne4 9.
O-O $14 {fails to solve the problem of Black's g7-bishop and c6-knight.}) 8.
Be3 ({Objectively} 8. d5 {should be OK, but practically it offers Black a
clear plan for regrouping:} Nb8 9. O-O c6 10. Be3 cxd5 11. exd5 Na6 12. h3 Bxf3
13. Bxf3 Nd7 14. Re1 Rc8 15. Bd4 Rc4 16. Bxg7 Kxg7 17. Qc1 Qb6+ 18. Kh2 Re8 19.
Be2 Rcc8 20. Bb5 Nab8 $13 {De Firmian,N (2490)-Haik,A (2455) Biel 1986 (1-0,
58)}) 8... Bxf3 {Usually exchanging the bishop without being forced to is a
concession. This situation is no exception, even though concretely the last
move is not bad.} (8... Nd7 {is probably not the best} 9. Nd2 ({The critical
move is} 9. e5 $1) 9... Bxe2 10. Nxe2 {Karavitaki,A (1075)-Darviri,C Porto Rio
2016 (0-1, 53)} e6 $11 {[%cal Gc6e7]}) ({But Black could carry out the central
break at once:} 8... e5 9. fxe5 dxe5 10. dxe5 ({The point is that} 10. d5 {
can be answered with} Nd4 $11 {anyway, for instance:} 11. Nxd4 exd4 12. Bxd4
Bxe2 13. Qxe2 Nxe4 $1 $15 14. Bxg7 $6 Nxc3 15. Bxc3 Re8 16. Be5 Qxd5 $17) 10...
Nd7 11. Bg5 Qe8 $11 12. Nd5 $2 Bxf3 $1 {Now this makes sense in order to
prepare the next move.} 13. gxf3 Qxe5 14. Bf4 Qxb2 $17) 9. Bxf3 e5 10. fxe5
dxe5 11. d5 Nd4 $11 {With such a knight in the centre Black cannot have
problems in any way. It is not clear what went wrong with Karjakin's
preparation, but as mentioned before this looks like a general symptom.} 12.
O-O (12. Bxd4 $2 exd4 13. Ne2 (13. Qxd4 Nxe4 $1 $17) 13... Nxe4 $1 14. Bxe4
Qh4+ 15. Ng3 Be5 $17) 12... c6 ({I would also consider} 12... Ne8 {[%cal Ge8d6,
Gf7f5]}) 13. dxc6 bxc6 14. Ne2 {Karpov,A (2700)-Spassky,B (2650) Candidates
sf1 1974 (9) 1-0 You may agree that the solution chosen by Karjakin to expell
the irritating knight is by far less elegant and effective than in the classic
game} Qc7 15. c3 Nxf3+ 16. gxf3 Nh5 $15 {Both sides have weaknesses but Black
is slightly better developed and his play a bit more natural.} 17. Qd3 Rfd8 18.
Qc4 Rd7 19. Rad1 Rad8 20. Rxd7 Rxd7 21. b4 Qd6 {Since on the next move
Nepomniachtchi will return with the queen, it makes sense to look for
alternatives.} (21... Bf6 $5 {prepares ...Bg5 which would greatly improve
Black's position, but apparently White retains drawing chances:} 22. Qa6 Qd8
23. Qxc6 Bg5 24. f4 $1 (24. Bf2 Rd2 $19) 24... Nxf4 25. Nxf4 Bxf4 26. Bxf4 exf4
27. e5 $132) 22. Qa6 Qc7 ({When playing his previous move Black might have
overestimated his chances after} 22... Qd3 23. Qxd3 Rxd3 24. Bxa7 Rd2 25. Nc1
Nf4 26. a4 $13 {but then changed his mind.}) 23. a4 Bf6 $1 {Even with two
missing tempi this plan offers Black the initiative.} 24. a5 Kg7 25. Qc4 {
It suddenly appears that the tempi loss is relative as the white queen was
doing little on a6.} h6 26. a6 Bg5 27. Bxg5 hxg5 28. Qc5 Kg8 {Black's idea
remains a mystery to me.} (28... Rd2 $5 29. Rf2 Qd6 30. Qxd6 (30. Qxa7 Qd3 31.
Ng3 Nf4 $19) 30... Rxd6 31. Ng3 Rd1+ 32. Rf1 Rd3 33. Nxh5+ gxh5 34. c4 Rb3 35.
Rd1 Rxb4 36. Rd7 Rxc4 37. Rxa7 Ra4 {seems to offer more chances than the game
ending.}) 29. b5 $5 {Not an easy decision to take. White is heading for a rook
ending with a pawn down, in order to secure a draw.} (29. Qe3 {[%csl Gd2,Gg5]}
Qd8 $19 {[%cal Gd7d2]}) 29... cxb5 30. Qxc7 Rxc7 31. Rb1 Rc5 32. Rd1 Nf4 33.
Nxf4 gxf4 34. Rd7 Rxc3 35. Kg2 Rc2+ 36. Kg1 (36. Kh3 Rf2 {looks more
problematic.}) 36... Ra2 37. Rxa7 Kg7 38. Rb7 Rxa6 39. Rxb5 {Even though
Black's structure looks more compact White does not have reasons to worry.} Kf6
40. h4 Ke6 41. Rb7 f5 42. exf5+ gxf5 43. h5 e4 44. h6 e3 45. h7 Ra8 46. Kf1 Kf6
47. Ra7 Rh8 48. Ke2 Kg6 49. Ra4 Rxh7 (49... Kg5 50. Ra7 Kh4 51. Rg7 $11) 50.
Rxf4 Kg5 51. Ra4 Re7 (51... f4 52. Ra5+ $8 (52. Ra8 Rh2+ $19) 52... Kf6 (52...
Kh4 53. Rf5 $11) 53. Ra6+ Ke5 54. Ra5+ Kd6 55. Ra6+ Kc5 56. Ra4 $11) 52. f4+
Kg4 53. Rb4 Kg3 54. Ra4 Rb7 55. Kxe3 Re7+ 56. Kd2 Kf3 57. Kd1 Re8 58. Rb4 Rh8
59. Rb5 Rh5 60. Ke1 Kxf4 1/2-1/2

[Event "ROM-chT"]
[Site "Sovata"]
[Date "1999.04.16"]
[Round "1"]
[White "Chernov, Vadim A"]
[Black "Marin, Mihail"]
[Result "1/2-1/2"]
[WhiteElo "2382"]
[BlackElo "2527"]
[Annotator "Marin,M"]
[PlyCount "53"]
[EventDate "1999.04.16"]
[EventType "team"]
[EventRounds "5"]
[EventCountry "ROU"]
[SourceTitle "EXT 2000"]
[Source "ChessBase"]
[SourceDate "1999.11.16"]
[SourceVersion "1"]
[SourceVersionDate "1999.11.16"]
[SourceQuality "1"]

1. e4 d6 2. d4 Nf6 3. Nc3 g6 4. f4 Bg7 5. e5 dxe5 6. dxe5 Qxd1+ 7. Kxd1 Ng4 8.
Nd5 Kd8 9. Ke1 c6 10. Nc3 f6 11. h3 Nh6 12. Nf3 Nd7 (12... Nf7) 13. Bc4 Rf8 {
/\Nf7} 14. exf6 exf6 15. Kf2 $14 Nf5 {/\Nd6, f5} 16. Ne4 Re8 17. Re1 Bf8 $1 18.
g4 Rxe4 19. Rxe4 Bc5+ 20. Kg2 (20. Be3 $5) (20. Re3 $5) 20... Nd6 21. Nd2 Nxe4
22. Nxe4 Be7 23. Be3 Kc7 24. Bg8 (24. a4 b5 $1 $132 25. axb5 cxb5 26. Bxb5 Bb7
{/\f5}) (24. Kg3 $5) 24... f5 $1 25. gxf5 (25. Ng5 Nf6 26. Ne6+ Bxe6 27. Bxe6
fxg4 28. hxg4 Re8 $132) 25... Nf6 $1 (25... gxf5 26. Ng5 $16) 26. Nxf6 Bxf6 27.
Be6 $8 (27. fxg6 hxg6 $15 {/\Bf5, Rh8, ><b2,c2,h3}) 1/2-1/2

[Event "EU-ch 8th"]
[Site "Dresden"]
[Date "2007.04.12"]
[Round "9"]
[White "Szabo, Krisztian"]
[Black "Narciso Dublan, Marc"]
[Result "0-1"]
[WhiteElo "2438"]
[BlackElo "2539"]
[Annotator "Marin,M"]
[PlyCount "70"]
[EventDate "2007.04.03"]
[EventType "swiss"]
[EventRounds "11"]
[EventCountry "GER"]
[SourceTitle "CBM 118"]
[Source "ChessBase"]
[SourceDate "2007.05.31"]
[SourceVersion "1"]
[SourceVersionDate "2007.05.31"]
[SourceQuality "1"]

1. e4 g6 2. d4 Bg7 3. Nc3 d6 4. f4 Nf6 5. Nf3 O-O 6. Bd3 Nc6 {Narciso is a
great expert of this somewhat old-fashioned line. Instead of attacking the
enemy centre by means of ...c5, Black blocks the c-pawn for the sake of rapid
development and intends to hit the centre in what seems to be the best
defended square, namely with ...e5.} 7. O-O e5 8. dxe5 {White pins his hopes
on the possibility of a kingside attack, but from a strategic point of view
giving up the possibility of winning space in the centre with d5 means some
sort of concession.} ({The more ambitious continuation is} 8. fxe5 dxe5 9. d5 {
but several of Black's possible knight retreats (mainly to e7 and d4) lead to
very sharp play.}) 8... dxe5 9. f5 Nb4 {[%csl Yd3,Yf5] Black immediately
undermines White's central structure.} 10. fxg6 {A new concession. Black is
allowed to improve his pawn structure by capturing towards the centre while
the level of kingside pressure is obviously released.} ({The immediate} 10. Bg5
{should be regarded as the critical continuation, but it can lead to sharp
play and White has to know very well what he is doing.} Nxd3 11. cxd3 ({
The exchange of queens absolves Black from all his worries.} 11. Qxd3 Qxd3 12.
cxd3 c6 13. Nd2 b6 14. Nc4 Ba6 15. a4 h6 16. Bh4 Bxc4 17. dxc4 Rad8 18. Rad1
Rd4 $11 {Hellers,F (2550)-Hansen,C (2565)/Lemvig 1991/EXT 2000 (1/2-1/2, 50)})
11... gxf5 {The logical reaction. This pawn has not sufficient defence after
the exchange of the d3-bishop. However, several squares from Black's camp are
weakened now (f5 in first line), offering White attacking ideas.} ({Black can
insert} 11... h6 12. Bh4 {before capturing on f5, which could eventually
transpose. Here is an independent example:} gxf5 13. Kh1 Qd6 14. exf5 Bxf5 15.
Bxf6 Qxf6 16. Nh4 Qxh4 {1/2-1/2 Van der Wiel,J (2200)-Hartoch,R (2395)/
Leeuwarden 1979/MCD}) 12. Kh1 (12. Nd5 $6 c6 13. Nxf6+ Bxf6 14. Bxf6 Qxf6 15.
d4 fxe4 16. Nxe5 Qe7 {/\f5, Zakharevich}) 12... Qd6 13. Qe1 h6 14. Bh4 Re8 (
14... f4 $6 15. d4 $1 $36 {Zakharevich}) 15. exf5 Bxf5 16. Nd2 Qe6 (16... Bxd3
$2 17. Bxf6 Bxf1 18. Nde4 $18 {Zakharevich}) 17. Qf2 Bxd3 18. Bxf6 Bxf6 19.
Qxf6 Bxf1 20. Rxf1 (20. Qxf1 $6 f5 {Zakharevich}) 20... Qxf6 21. Rxf6 Rad8 22.
Nde4 Kg7 $13 {Erashchenkov,D (2412)-Zakharevich,I (2508)/Voronezh 2003/CBM 094
ext (0-1, 37)}) 10... hxg6 11. Bg5 Qd6 12. Qe2 {In view of Black's answer,
placing the queen on this square looks like a debatable idea.} (12. Qd2 Nxd3
13. cxd3 Nh7 {This is only one of the consequences of the exchange on g6: the
h7-square became available for the knight.} 14. Bh6 b6 15. Rad1 Bb7 16. Kh1 c5
$11 {Van der Wiel,J (2470)-Donner,J/Amsterdam/Drachten 1982/EXT 2002 (0-1, 64).
Black has arranged his pawns in an optimal way and has little to fear on the
kingside. His chances are not worse.}) (12. Kh1 Nxd3 13. cxd3 Nh7 14. Bh4 Be6 {
And now we can see that the bishop has this excellent square at his disposal.}
15. Qe2 f6 16. Bf2 Bf7 17. d4 exd4 18. Bxd4 Rfe8 19. Qc2 c5 20. Bf2 b6 21. Rad1
Qc6 22. Bg3 {1/2-1/2 Gurevich,V (2445)-Zakharevich,I (2425)/Azov 1995/CBM 046})
(12. Qe1 Nh7 13. Rd1 Be6 14. Kh1 Nxd3 15. Rxd3 Qc6 16. b3 {Vaisser,A (2555)
-Gofshtein,L (2535)/Biel 1995/CBM 048 ext (1/2-1/2, 25)} Rae8 $5 {/\...f5.
Once the f5-square is not occupied anymore by a white pawn, Black can fight
for space in the centre.} 17. Nd5 Bxd5 18. Rxd5 (18. exd5 Qxc2) 18... f5 $132)
12... Nh5 $146 {This idea is known from the f4-system of the Najdorf Sicilian 
(6.f4 e5 7.Nf3, etc.) By blocking the f-file, Black eliminates any danger of a
kingside attack. Please note that it is the absence of the potential threat
f5-f6 that makes the knight's departure from f6 possible.} (12... Nxd3 13. Qxd3
(13. cxd3 $5) 13... Qxd3 14. cxd3 c6 15. Nxe5 Nxe4 16. Nxe4 Bxe5 17. Be7 Bxb2
18. Rae1 Be6 19. Bxf8 Rxf8 $44 {Loskutov,O (2395)-Zakharevich,I (2485)/St
Petersburg 1996/CBM 056 ext (1/2-1/2, 39)}) 13. Rad1 Nf4 14. Bxf4 $6 {But this
is just over-optimistic. White should not have parted with his dark-squared
bishop so easily, opening the diagonal of the fianchetto bishop at the same
time.} (14. Qf2 $5) 14... exf4 15. e5 {This is the move White has pinned his
hopes on. However, his plan will fail because he will not have the time to
consolidate this courageous pawn with h3.} Qc5+ 16. Kh1 Bg4 $15 17. Ne4 $6 (17.
Qe4 $5) 17... Qxe5 $1 18. Nxe5 Bxe2 19. Bxe2 Bxe5 $17 {White has little to
show for the lost pawn.} 20. c3 Nc2 21. Rd7 Ne3 22. Rf3 Rad8 23. Rxd8 Rxd8 24.
g3 g5 25. gxf4 gxf4 26. Kg1 f5 27. Nc5 Rd2 28. Bf1 Nxf1 29. Rxf1 b6 30. Nb3
Rxb2 31. Rf2 Bxc3 32. Rxb2 Bxb2 33. Kf2 Kf7 34. Kf3 c5 35. Nd2 b5 0-1

[Event "Ciocaltea Memorial"]
[Site "Bucharest"]
[Date "1997.??.??"]
[Round "8"]
[White "Nevednichy, Vladislav"]
[Black "Marin, Mihail"]
[Result "1/2-1/2"]
[WhiteElo "2535"]
[BlackElo "2545"]
[Annotator "Marin,M"]
[PlyCount "47"]
[EventDate "1997.03.??"]
[EventType "tourn"]
[EventRounds "13"]
[EventCountry "ROU"]
[EventCategory "10"]
[SourceTitle "CBM 060"]
[Source "ChessBase"]
[SourceDate "1997.09.29"]
[SourceVersion "1"]
[SourceVersionDate "1997.09.29"]
[SourceQuality "1"]

1. e4 {HarZvi,R} d6 2. d4 Nf6 3. Nc3 g6 4. f4 Bg7 5. Nf3 O-O 6. Be3 b6 {
HarZvi: the main line} (6... c5) (6... Nbd7) (6... c6) 7. Bc4 {A variation
introduced by the Moldavian G.M. Victor Bologan.} (7. e5 {HarZvi,R} Ng4 8. Bg1
c5 9. h3 Nh6 10. d5 Bb7 (10... Nf5 11. Bf2 Nd7 (11... dxe5 12. fxe5 Nd7 13. Qe2
Bb7 14. O-O-O Qb8 15. g4 (15. Re1 b5 $1) 15... Nd4 16. Nxd4 cxd4 17. Bxd4 Bxe5
18. Bg2 Bxd4 19. Rxd4 $16 {[%csl Rg8] Balashov,Y-Timman,J Tilburg 1977 24/199 
[ Kovacevic,V]}) 12. g4 Nd4 13. Nxd4 cxd4 14. Qxd4 dxe5 15. fxe5 Nxe5 16. Qe3
f5 17. Bg3 Qd6 $13 {Mikhalchishin,A-Kosten,A/Budapest/1989}) (10... Nd7 11. Bh2
Nf5 12. Bb5 Bb7 13. g4 Nd4 14. Nxd4 cxd4 15. Qxd4 Qc7 16. Bxd7 Qxd7 $44 {
Beliavsky,A-Speelman,J/Reykjavik/1988/}) 11. Qd2 Nf5 12. Bh2 dxe5 13. fxe5 e6
$1 14. O-O-O exd5 15. Nxd5 Nc6 16. c3 Ncd4 $1 $15 {/-/+ Beliavsky,A-Anand,V/
Munich/1991 CBM 23}) (7. Qd2 {HarZvi,R} Bb7 (7... c5) 8. e5 Ng4 9. O-O-O dxe5
10. Nxe5 $1 Nxe3 $6 11. Qxe3 Nd7 12. Bb5 Nf6 13. d5 Qd6 14. Rhe1 a6 15. Bc6 $16
{Campora,D-Torre,O/Moscow olm/ 1994}) (7. Bd3 {HarZvi,R} c5 (7... Bb7 8. Qe2 c5
9. O-O-O cxd4 10. Bxd4 Nc6 11. Bxf6 Bxf6 12. e5 Bg7 13. Be4 Qd7 14. h4 $40 {
Bareev,E-Plachetka,J/Trnava-A/1989 CBM 12}) 8. Qe2 Nc6 9. e5 Ng4 10. Be4 Nb4 $1
11. O-O-O Ba6 12. Qe1 d5 (12... Rc8) 13. dxc5 Nxe3 14. Qxe3 e6 15. a3 Nc6 16.
Bd3 Bxd3 17. Rxd3 Qe7 $44 {Bologan,V-Gipslis,A/Ostrava/1993 58/156 [Gipslis,A]}
) 7... c5 (7... e6 {HarZvi,R} 8. Qe2 d5 9. Bd3 dxe4 10. Nxe4 Nbd7 11. O-O-O Bb7
12. Nxf6+ Nxf6 13. Kb1 $1 $14 {Bologan,V-Pflegar,H/Duetschland 1994 60/119 
[Bologan,V]}) 8. Qe2 Nc6 (8... a6 {HarZvi,R} 9. e5 Ng4 10. O-O-O Nxe3 11. Qxe3
Nc6 12. dxc5 bxc5 13. exd6 exd6 14. Ne4 Nd4 {Womacka,M-Lorscheid,G/GRE-ch Binz/
1995 CBM 50} 15. Nxd4 cxd4 (15... Bxd4 $4 16. Rxd4 cxd4 17. Qxd4) 16. Rxd4 $140
Qb6) 9. e5 (9. O-O-O {HarZvi,R} cxd4 10. Bxd4 Nxd4 11. Nxd4 Bg4 12. Nf3 Rc8 13.
Bb3 Nd7 14. e5 Bh6 $1 {[%csl Re5,Rf4] Skripchenko,A-Tseitlin,MD/Paris/1995})
9... Ng4 10. O-O-O Na5 11. Bd5 Ba6 $1 {HarZvi: well you must admit this is an
interesting surprising move,white probably expects Rb8 or NxB} (11... Rb8 $14
12. dxc5 {HarZvi,R} bxc5 13. Bxc5 $5 dxc5 14. Bxf7+ Kxf7 15. Rxd8 Rxd8 16. h3
$36 {HarZvi: and it seems white has the initiative}) (11... Nxe3 {HarZvi,R} 12.
Qxe3 Rb8 13. h4 $13) 12. Qxa6 (12. Qe1 {HarZvi,R} Rc8 $5 (12... Bb7) (12...
Nxe3 13. Qxe3 cxd4 14. Nxd4 Rc8 15. e6 f5 16. h4 $36)) (12. Qd2 {HarZvi,R} e6
13. Bxa8 Nc4 14. Qe2 Ngxe3 15. Be4 Nxd1 16. Rxd1 cxd4 17. Nxd4 (17. Rxd4 Nxe5
$1 18. Qxa6 Nxf3 $17) 17... Nxb2 $1 18. Qxa6 Nxd1 19. Nxd1 dxe5 $17) 12... Nxe3
13. Bxa8 Nxd1 (13... Qxa8 14. dxc5 $1 Nxd1 15. Rxd1 dxc5 16. Rd7 $16) 14. Rxd1
cxd4 $8 (14... Qxa8 15. dxc5 (15. dxc5 {HarZvi,R} dxc5 $14 {[%csl Rg7] HarZvi:
with atleast +/= for white})) 15. Nd5 (15. Be4 dxc3 16. b4 Qc7 (16... Qd7 17.
bxa5 Qa4 18. Rd4 Qxa2 19. Kd1) 17. bxa5 Qc5 18. Rd3 (18. Rd4 dxe5 19. fxe5 Bxe5
$36) (18. axb6 Qe3+ 19. Kb1 Qxe4 $19) 18... Bh6 $132) (15. Bd5 dxc3 16. b4 e6
17. Be4 (17. Bxe6 {HarZvi,R} fxe6 18. bxa5 d5 {[%csl Rc1]}) 17... d5 18. bxa5
Qe7) (15. Nxd4 {HarZvi,R} Qxa8 16. exd6 exd6 17. Qe2 Re8 $13) 15... e6 (15...
dxe5 16. Qxa7 $5) (15... Qxa8 $2 {HarZvi,R} 16. Nxe7+ Kh8 17. exd6 $16) 16.
Rxd4 $1 (16. Nf6+ Bxf6 17. exf6 Qxa8 18. Rxd4 Qd8 19. g3 (19. Qxa7 Nc6) 19...
d5 20. Rd3 Qxf6 21. Qxa7 Nc4 $15) (16. b4 {HarZvi,R} exd5 17. Bxd5 dxe5 18. c4
e4 $1 $36) 16... dxe5 (16... Qxa8 17. Ne7+ $1 Kh8 18. Rxd6 $14 (18. exd6 Bxd4
19. Nxd4 Qxg2) 18... Re8 19. Rd7 Bf8 20. Rxa7 Qb8 (20... Qd8 21. Ng5) 21. Ng5 (
21. b4 Bxe7 22. bxa5 bxa5) 21... Bxe7 22. Nxf7+) 17. fxe5 Qxa8 {HarZvi: so
finally after 4 moves which black did not take the bishop on a8 he can not
avoid it!} 18. Nf6+ Bxf6 19. exf6 e5 $1 $132 20. Rd1 (20. Rd7 {HarZvi,R} Qc6
21. Rxa7 Qxf6 {HarZvi: when white's pieces seems little bit out of play}) 20...
Qc6 (20... e4 21. Ne5 Re8 22. Qb5 $16) 21. Nxe5 (21. Qxa7 Qxf6 $15) 21... Qxg2
$6 (21... Qe6 $1 22. Qb5 $8 (22. Nd7 $6 Qxa2 23. Nxf8 $2 Nb3+ (23... Qa1+ $2
24. Kd2 Nb3+ 25. Kc3 $3 Qxa6 26. Rd8 $11 h5 $4 27. Ne6+ Kh7 28. Ng5+ Kh6 29.
Nxf7+ Kh7 30. Rh8#) 24. cxb3 Qxa6 25. Rd8 Qf1+ 26. Kc2 Qf5+ 27. Kc1 h5 $1 {
(/\Qxf6)} (27... Qxf6 $4 28. Ne6+) 28. Re8 $8 g5 $19 (28... Qxf6 29. Nd7+))
22... Qxa2 23. Rd7 $8 Qa1+ 24. Kd2 Qg1 25. b4 Qxg2+ 26. Qe2 Qg5+ 27. Kd1 (27.
Kc3 $2 Rc8+ 28. Kb2 Qxe5+ 29. Qxe5 Nc4+ $19) 27... Qg1+ 28. Kd2 Qg5+ $11) (
21... Qxf6 $6 22. Nd7 Qf4+ 23. Kb1 $36 {><f6} (23. Kb1 {HarZvi,R} Rd8)) 22. Nd7
Qg5+ $6 (22... Re8 23. b3 Qxh2 24. Qxa7 Rc8 25. Rd2 Qh1+ 26. Kb2 Qc6 27. Nxb6
$1 Qxf6+ 28. Kb1 Nc6 29. Qb7 Re8 30. Rd1 Qf3 31. Rc1 h5 32. a4 h4 33. a5 h3 34.
a6 h2 35. a7 h1=Q 36. a8=Q $13) 23. Kb1 Re8 24. b3 (24. Qxa7 Qd2 25. Rc1 Nc4 {
/\Qxc1}) (24. b3 Qg4 25. Qd3 $13 (25. Rd3 $6 Nc6 $132)) 1/2-1/2

[Event "Andorra op 17th"]
[Site "Andorra"]
[Date "1999.07.02"]
[Round "7"]
[White "Campora, Daniel Hugo"]
[Black "Marin, Mihail"]
[Result "0-1"]
[WhiteElo "2553"]
[BlackElo "2527"]
[Annotator "Marin,M"]
[PlyCount "56"]
[EventDate "1999.06.27"]
[EventType "swiss"]
[EventRounds "9"]
[EventCountry "AND"]
[SourceTitle "CBM 072"]
[Source "ChessBase"]
[SourceDate "1999.10.01"]
[SourceVersion "1"]
[SourceVersionDate "1999.10.01"]
[SourceQuality "1"]

1. e4 d6 2. d4 Nf6 3. Nc3 g6 4. f4 Bg7 5. Nf3 O-O 6. Be3 b6 7. e5 Ng4 8. Bg1 c5
9. h3 Nh6 10. d5 Bb7 11. Bh2 (11. Qd2) 11... Nf5 12. Qd3 (12. Qd2 dxe5 13. fxe5
e6 $13) 12... Na6 $1 13. O-O-O (13. a3) 13... dxe5 14. Nxe5 (14. fxe5 Bh6+ 15.
Kb1 Nb4 $17) 14... Nb4 15. Qd2 (15. Qe4 Nd4 16. Bc4 e6) 15... Nd4 16. Bg1 (16.
Bc4 Nbxc2) 16... Nbxc2 (16... Bxd5 17. Bxd4 cxd4 18. Nxd5 Qxd5 19. Qxd4 Nxa2+
20. Kb1 Qa5 21. Nc6 $13) (16... Nxd5 17. Bxd4 cxd4 18. Qxd4 Nxc3 19. Qxc3 Qc8
$15) 17. Kb1 b5 (17... Bxd5 $4 18. Nxd5 Qxd5 19. Qxc2 $16) 18. Nxb5 (18. Rc1 b4
19. Nb5 (19. Ne4 Qxd5) (19. Nd1 Bxd5 20. Rxc2 Bxa2+ 21. Kxa2 b3+ $19) 19... b3
20. axb3 a6 21. Nxd4 Nxd4 22. Bxd4 cxd4 $17) (18. Bxb5 Nxb5 19. Nxb5 Nb4 20.
Bxc5 Nxd5 $15) 18... Bxd5 19. Bxd4 Nxd4 20. Nc3 (20. Nxd4 cxd4 21. Qxd4 (21.
Bd3 $142 $17) 21... Bxa2+ $1 (21... Be4+ $17) 22. Kxa2 Qa5+ 23. Kb1 Rad8 $19)
20... e6 21. h4 Rb8 22. h5 Rb4 $6 (22... Qd6 23. hxg6 fxg6 $5) 23. hxg6 hxg6
24. Nd3 Rb8 25. Nxc5 $6 (25. Ne5 Qc7 26. Ng4 Rfd8 $17) 25... Qd6 $17 26. N5e4 (
26. Nd3 Nb5 27. Nxd5 (27. Nxb5 Rxb5 28. Ne5 Be4+ 29. Bd3 Bxe5 30. fxe5 Bxd3+
31. Qxd3 Qxd3+ 32. Rxd3 Rxe5 $17) 27... Qxd5 28. Ka1 Na3 $17) (26. Nxd5 Qxc5
$19) (26. N3e4 Qc6 $17) 26... Qa3 $1 $19 (26... Bxe4+ $6 27. Nxe4 Qa3 28. Qc3
Qa4 {Campora} (28... Qxc3 29. Nxc3 Rfc8 $15) 29. Bc4 $1 Nc2 30. Nf6+ Bxf6 31.
Qxf6 Na3+ 32. Ka1 Nc2+ $11) 27. Nxd5 exd5 28. Rh3 {[#]} (28. Nc3 Nf3) 28... Nf3
0-1